| 000 | 00571nam a2200181 a 4500 | ||
|---|---|---|---|
| 005 | 20140412111248.0 | ||
| 008 | 001117s19uu xx 00 eng d | ||
| 020 | _a0-86576-067-5 | ||
| 050 |
_aM 001.64 _bP44 1985 |
||
| 100 | _aPetit, Jean Pierre | ||
| 245 |
_aComputer magic / _cJean-Pierre Petit; translated by Lan Stewart. |
||
| 260 |
_aLos Altos, CA : _bWilliam Kaufmann, Inc, _c[n.d.] |
||
| 300 | _a71 p. | ||
| 440 | _aThe Adventures of Archilbald Higgins Series | ||
| 650 | _aComputer -- Cartoons and comics | ||
| 650 | _aCartoons and comics | ||
| 999 |
_c103013 _d103013 |
||